Eastern Utah Libraries Catalog: Duchesne, Heber, Roosevelt, & Vernal

Stalactite and Stalagmite : (Record no. 404665)

MARC details
000 -LEADER
fixed length control field 01553nam a22004098i 4500
001 - CONTROL NUMBER
control field BK0031917072
003 - CONTROL NUMBER IDENTIFIER
control field DLC
005 - DATE AND TIME OF LATEST TRANSACTION
control field 20260218170035.0
008 - FIXED-LENGTH DATA ELEMENTS--GENERAL INFORMATION
fixed length control field 240109s2025 nyu b 000 1 eng
010 ## - LIBRARY OF CONGRESS CONTROL NUMBER
LC control number 2023058302
020 ## - INTERNATIONAL STANDARD BOOK NUMBER
International Standard Book Number 9781665926638 : SAL
Terms of availability 19.99
020 ## - INTERNATIONAL STANDARD BOOK NUMBER
International Standard Book Number 1665926635 : SAL
Terms of availability 19.99
Qualifying information (hardcover)
Cancelled/invalid ISBN 9781665926645
Qualifying information (ebook)
037 ## - SOURCE OF ACQUISITION
Source of stock number/acquisition Simon & Schuster, 100 Front st, Riverside, NJ, USA, 08075-7500
Note SAN 200-2442
040 ## - CATALOGING SOURCE
Original cataloging agency DLC
Language of cataloging eng
Description conventions rda
Transcribing agency DLC
050 00 - LIBRARY OF CONGRESS CALL NUMBER
Classification number PZ7.1.B4349
Item number St 2025
082 00 - DEWEY DECIMAL CLASSIFICATION NUMBER
Classification number [E]
Edition number 23
092 ## - LOCALLY ASSIGNED DEWEY CALL NUMBER (OCLC)
Classification number children caldecott
Item number Beckmeyer
100 1# - MAIN ENTRY--PERSONAL NAME
Personal name Beckmeyer, Drew,
Relator term author,
-- illustrator.
9 (RLIN) 6492103
245 10 - TITLE STATEMENT
Title Stalactite and Stalagmite :
Remainder of title a big tale from a little cave /
Statement of responsibility, etc Drew Beckmeyer.
250 ## - EDITION STATEMENT
Edition statement First edition.
263 ## - PROJECTED PUBLICATION DATE
Projected publication date 2503
264 #1 - Production, Publication, Distribution, Manufacture, and Copyright Notice.
Place of production, publication, distribution, manufacture New York :
Name of producer, publisher, distributor, manufacturer Atheneum Books for Young Readers,
Date of production, publication, distribution, manufacture, or copyr 2025.
300 ## - PHYSICAL DESCRIPTION
Extent pages cm
336 ## - Content Type
Content type term text
336 ## - Content Type
Content type term still image
337 ## - Media type
Media type term unmediated
338 ## - Carrier type
Carrier type term volume
520 ## - SUMMARY, ETC.
Summary, etc Two little mineral piles, Stalactite and Stalagmite, foster a friendship over millions of years as they grow closer together, figuratively and literally.
521 ## - TARGET AUDIENCE NOTE
Target audience note Ages 4 - 8.
Source Atheneum Books for Young Readers.
586 #0 - AWARDS NOTE
Awards note Caldecott Honor Award, 2026.
650 #1 - SUBJECT ADDED ENTRY--TOPICAL TERM
Topical term or geographic name as entry element Stalactites and stalagmites
Form subdivision Fiction.
9 (RLIN) 6539205
650 #0 - SUBJECT ADDED ENTRY--TOPICAL TERM
Topical term or geographic name as entry element Caldecott Medal
650 #1 - SUBJECT ADDED ENTRY--TOPICAL TERM
Topical term or geographic name as entry element Caves
Form subdivision Fiction.
9 (RLIN) 6357151
650 #1 - SUBJECT ADDED ENTRY--TOPICAL TERM
Topical term or geographic name as entry element Friendship
Form subdivision Fiction.
9 (RLIN) 5673769
655 #7 - INDEX TERM--GENRE/FORM
Genre/form data or focus term Picture books.
Source of term lcgft
942 ## - ADDED ENTRY ELEMENTS (KOHA)
Source of classification or shelving scheme Dewey Decimal Classification
Koha item type BOOK
Holdings
Withdrawn status Lost status Source of classification or shelving scheme Damaged status Not for loan Collection code Home library Current library Shelving location Date acquired Source of acquisition Total Checkouts Total Renewals Full call number Barcode Checked out Date last seen Date checked out Cost, replacement price Price effective from Koha item type
    Dewey Decimal Classification     Children Caldecott Award Wasatch County Library Wasatch County Library Main Floor Childrens Area 02/18/2026 Amazon 2 2 E Beckmeyer 34301002179309 05/05/2026 03/09/2026 03/09/2026 19.99 02/18/2026 BOOK
This project was made possible through a grant from the Institute of Museum and Library Service administered by the Utah State Library Division.

Wasatch County Library

  • 465 East 1200 South, Heber City, Utah 84032
  • Phone 435-654-1511 | Fax 435-654-6456

Hours

  • Monday - Friday 9:30 AM - 8:00 PM
  • Saturday 9:30 AM - 1:30 PM
  • Closed Sundays and Holidays